000 00758cam a2200229 4500500
005 20260329010028.0
041 _afre
042 _adc
100 1 0 _aSorente, Isabelle
_eauthor
245 0 0 _aIsabelle Sorente : "Tremblez, tremblez, les sorcières sont de retour !"
260 _c2019.
500 _a11
690 _aÉcoféminisme
690 _aHistoire
690 _aIsabelle Sorente
690 _aLa Puissance des femmes
690 _aMoyen Âge
690 _aSorcière
690 _aSorcières
786 0 _nPhilosophie magazine - Hors séries | Hors-série Autome-Hiver 2019 | HS43 | 2019-10-01 | p. 6-6 | 2104-9246
856 4 1 _uhttps://shs.cairn.info/magazine-philosophie-magazine-2019-9-12-page-6?lang=fr&redirect-ssocas=7080
999 _c1848857
_d1848857